000 00260nam a2200097Ia 4500
001 645883
005 20250826153632.0
008 250824s9999 xx 000 0 und d
245 0 _aDIŞARIDA NELER OLUYOR? SONSUZ BOŞLUK
_cCLİVE GİFFORD
260 _bGENÇ TİMAŞ
999 _c645883
_d645883